Serve to Lead (Record no. 551670)
[ view plain ]
| 000 -LEADER | |
|---|---|
| fixed length control field | 00469nam a22001457a 4500 |
| 082 ## - DEWEY DECIMAL CLASSIFICATION NUMBER | |
| Classification number | 355.33041 |
| Author Mark | SER |
| -- | L-30, P-8A |
| 100 ## - MAIN ENTRY--PERSONAL NAME | |
| Personal name | The Royal Military Academy, Sandhrust |
| 9 (RLIN) | 48809 |
| 245 ## - TITLE STATEMENT | |
| Title | Serve to Lead |
| Remainder of title | An Anthology |
| Statement of responsibility, etc. | The Royal Military Academy, Sandhrust |
| 260 ## - PUBLICATION, DISTRIBUTION, ETC. | |
| Name of publisher, distributor, etc. | The Royal Military Academy, Sandhrust |
| 300 ## - PHYSICAL DESCRIPTION | |
| Extent | 83 P, : |
| 526 ## - STUDY PROGRAM INFORMATION NOTE | |
| Program name | 0 |
| Interest level | 0 |
| Reading level | 0 |
| Title point value | 355_330410000000000_SER |
| 526 ## - STUDY PROGRAM INFORMATION NOTE | |
| Program name | 0 |
| Interest level | 0 |
| Reading level | 0 |
| Title point value | 355_330410000000000_SER |
| 650 ## - SUBJECT ADDED ENTRY--TOPICAL TERM | |
| Topical term or geographic name entry element | MCE |
| 9 (RLIN) | 379 |
| 942 ## - ADDED ENTRY ELEMENTS (KOHA) | |
| Source of classification or shelving scheme | |
| Koha item type | Book |
| Withdrawn status | Lost status | Source of classification or shelving scheme | Damaged status | Not for loan | Permanent Location | Current Location | Date acquired | Total Checkouts | Full call number | Barcode | Date last seen | Date last checked out | Price effective from | Koha item type |
|---|---|---|---|---|---|---|---|---|---|---|---|---|---|---|
| Military College of Engineering (MCE) | Military College of Engineering (MCE) | 12/23/2014 | 1 | 355.33041 SER | MCE-5285 | 10/10/2016 | 09/23/2016 | 12/23/2014 | Book | |||||
| Military College of Engineering (MCE) | Military College of Engineering (MCE) | 12/23/2014 | 1 | 355.33041 SER | MCE-34962 | 12/07/2020 | 11/05/2020 | 12/23/2014 | Book |
